| 000 | 00561nam a2200193Ia 4500 | ||
|---|---|---|---|
| 003 | LK-CoDNM | ||
| 008 | 010623t2011 xxu||||| |||| 00| 1 sin d | ||
| 040 |
_aLK-CoDNM _dLK-CoDNM _eLK-CoDNM |
||
| 041 | _asin | ||
| 080 | _a294.3 KEM | ||
| 100 | _aKema,Ayaya | ||
| 245 | _aකෙනෙක් නැත යන තැනක් නැත | ||
| 246 | _aKenek Natha yana Thanak natha | ||
| 260 |
_bBauddha Grantha Prakashana Samithiya _aKandy _c2011 |
||
| 300 | _b275, 21 cm | ||
| 700 |
_aMendis,Ranjani _etr. |
||
| 700 |
_aSenadeera,N.T.S.A. _eed. |
||
| 942 | _cBK | ||
| 999 |
_c130957 _d130957 |
||